ბათუმის შოთა რუსთაველის სახელმწიფო უნივერსიტეტის ბიბლიოთეკა

ჩანაწერი Corporate Name

ჩანაწერთა რაოდენობა, რომელიც გამოყენებულია: 1

001 - CONTROL NUMBER

  • control field: 24710

003 - CONTROL NUMBER IDENTIFIER

  • control field: GE_BSU

005 - DATE AND TIME OF LATEST TRANSACTION

  • control field: 20250328113643.0

008 - FIXED-LENGTH DATA ELEMENTS

  • fixed length control field: 250328|| aca||aabn | a|a d

040 ## - CATALOGING SOURCE

  • Original cataloging agency: GE_BSU
  • Transcribing agency: GE_BSU

110 ## - HEADING--CORPORATE NAME

  • Corporate name or jurisdiction name as entry element: ქართული, გერმანული და საერთაშორისო სისხლის სამართლის ინსტიტუტის ბიბლიოთეკა

670 ## - SOURCE DATA FOUND

  • Source citation: Work cat.: (GE_BSU): ჯიშკარიანი, ბაჩანა 24708, სისხლის სამართლის კერძო ნაწილი : დანაშაული საკუთრების წინააღმდეგ = Strafrecht Besonderer Teil : Eigentums- und Vermögensdelikte /